LEADER 01345nam a2200325 a 4500 001 000000142282 003 CaOOAMICUS 005 20150316105530.0 008 150316s2014 it u000 u ita r 020 $z9788815253965* 040 $aPUL$bita 082 04$a270 100 1 $aBolgiani, Franco.$0(OLS)http://pul/name/10653 245 10$aCristianesimo e culture /$cFranco Bolgiani ; a cura di Francesco Traniello. 260 $aBologna :$bIl Mulino,$c©2014. 300 $a574 p. ;$c22 cm 490 1 $aCollana di studi della Fondazione Michele Pellegrino 504 $aBibliografia in nota. 650 4$aCristianesimo$xStoria.$0(OLS)http://pul/subject/269 700 1 $aBolgiani, Franco.$0(OLS)http://pul/name/10653 700 1 $aTraniello, Francesco.$0(OLS)http://pul/name/5614 830 0$aCollana di studi della Fondazione Michele Pellegrino.$0(OLS)http://pul/title/167919 850 $aPUL 852 $aPUL$W1$xSL Religione 3$y85$m270 BOLFR 1$j164166$qDDC 21$B164301$CPULBib$Z2$F164301 $H125554 $82 941 1 $a9 996 $6020$z9788815253965*$9(OLS)http://pul/number/157197 996 $6082$a270$9(OLS)http://pul/classification/472 996 $6245$aCristianesimo e culture$9(OLS)http://pul/title/180097 996 $6260$aBologna :$bIl Mulino$9(OLS)http://pul/publisher/47928 LEADER 01365nam a2200265 a 4500 001 000000111782 003 CaOOAMICUS 005 20080520144645.0 008 080520s2007 it m 000 0 por d 040 $aPUG$bita$dip$dPUL$dBc 100 1 $aCosta da Silva, Francisco de Assis.$0(OLS)http://pul/name/68755 245 11$a"Credo ut intelligam - intelligo ut credam" :$ba relaçao entre fé e razao á luz da encíclica Fides et ratio /$cFrancisco de Assis Costa da Silva. 260 $aRoma :$bPontificia Università Gregoriana,$c2007. 300 $a88 p. ;$c24 cm. 502 $aEstratto dissertazione--Pontificia Universitas Gregoriana. Facultas theologiae. 2007. 504 $aBibliografia: p. [61]-85. 610 24$aPapi (1978-2005 : Iohannes Paulus PP. II).$tFides et ratio.$0(OLS)http://pul/subject/27824 650 4$aRivelazione.$0(OLS)http://pul/subject/3064 650 4$aFede e ragione.$0(OLS)http://pul/subject/3185 850 $aPUL 852 $aPUL$W1$xDP1 Tesi Pon. Univ. Gregoriana$y40$m2007 B 12$j6684$qTesi$B126828$CPULBib$Z2$F126828 $82 941 1 $a16 960 $aRagione e fede$93185 996 $6245$a"Credo ut intelligam - intelligo ut credam" :$ba relaçao entre fé e razao á luz da encíclica Fides et ratio$9(OLS)http://pul/title/140582 996 $6260$aRoma :$bPontificia Università Gregoriana$9(OLS)http://pul/publisher/47853